Sports Quiz

Random Sports or NBA Quiz

NBA 'P' players 2014 (Slideshow) Quiz Stats

Quiz not verified by Sporcle

Challenge
Share
Tweet
Score 0/18 Timer 03:00
0 Plays Today
% Correct
Paul Pierce
95.7%
Chris Paul
93.6%
Tony Parker
90%
Kendrick Perkins
88.8%
Tayshaun Prince
84.3%
Chandler Parsons
82.8%
Mason Plumlee
76.3%
Nikola Peković
74.5%
Miles Plumlee
70.2%
% Correct
Pablo Prigioni
67.6%
Zaza Pachulia
62.1%
Otto Porter
61%
Patrick Patterson
45.8%
Phil Pressey
33.7%
Quincy Pondexter
28.3%
Jannero Pargo
23%
A.J. Price
18.8%
Ronnie Price
17.9%

You're not logged in!

Compare scores with friends on all Sporcle quizzes.
Sign Up with Email
OR
Log In

You Might Also Like...

Show Comments

Extras

Top Quizzes Today


Score Distribution

Your Account Isn't Verified!

In order to create a playlist on Sporcle, you need to verify the email address you used during registration. Go to your Sporcle Settings to finish the process.